| 000 | 00959cab a2200217 4500 | ||
|---|---|---|---|
| 001 | ##L135956 | ||
| 008 | 061219n2006 000 0 eng u | ||
| 035 | _a(Sirsi) u135956 | ||
| 041 | 0 | _aeng | |
| 100 | 1 | _aWilliams, Austin | |
| 245 | 0 | 0 | _aDetailed glass information is an invaluable resource |
| 260 | _c2006 | ||
| 490 | 0 |
_aArchitects' Journal _v244(16) 2 November 2006, 39-41(3) |
|
| 520 | _aLooks at the main classifications for glass and glazing, with reference to BS 952-1: 1995, and highlights some of the available glazing types suited to different functions, locations and manufacturing processes. Covers float glass, toughened glass, heat-strengthened glass, wired glass, laminated glass, and fire-resistant glass. | ||
| 590 | _aKA | ||
| 650 | 2 | 4 | _aBS 952-1: 1995 |
| 650 | 2 | 4 | _aBS 6262-1: 2005 |
| 651 | 4 |
_aUnited Kingdom _y |
|
| 690 | _aBUILT ENVIRONMENT-BUILDING MATERIALS-NON CEMENTITIOUS MATERIALS-MINERAL BASED MATERIALS | ||
| 942 | _n0 | ||
| 999 |
_c78078 _d78078 |
||